000 01024nam a22003017a 4500
001 7225
003 enng
005 20250703095007.0
008 250703b cb ||||| |||| 00| 0 eng d
020 _a9781848797321
040 _aFISKH
_beng
_cFISKH
_dFISKH
050 _aPZ7
082 _a398.2
100 _aAnonymous
245 _aRumpelstiltskin /
_cIllustrations by Sara Baker
250 _aThis edition published in 2010
260 _aUnited Kingdom :
_bCastle Street Press,
_c2006
300 _a31 pages :
_bcolor illustrations ;
_c23 cm
490 _aReady to read :
_vLevel 1
505 _aP
520 _aPresents an adaptation of the classic tale of a strange little man who helps the miller's daughter spin straw into gold for the king on the condition that she will give him her first-born child.
521 8 _a620
_bLexile estimate
521 8 _aP
_bRaz-Plus
650 _aChildren's
_vFairy tale
700 _aBaker, Sara
_eillustrator
942 _2ddc
_cBK
_n0
999 _c7225
_d7225